Budamar Logistics sa posúva ešte viac k zákazníkom

Rozhovor s predsedom predstavenstva Budamar-u Ing. Petrom Malecom, o zákonitostiach úspechu a ďalších plánoch na expanziu v segmente železničnej prepravy na Slovensku.

Gespeichert in:
Bibliographische Detailangaben
1. Verfasser: Nagyová, Valéria
Weitere Verfasser: Malec, Peter
Format: Buchkapitel
Sprache:Slowakisch
Schlagworte:
Tags: Tag hinzufügen
Keine Tags, Fügen Sie das erste Tag hinzu!

MARC

LEADER 00000naa a2200000 4500
001 0200809
005 20220725111324.9
041 0 |a slo 
044 |a SK 
245 1 0 |a Budamar Logistics sa posúva ešte viac k zákazníkom  |c Valéria Nagyová, Peter Malec 
520 |a Rozhovor s predsedom predstavenstva Budamar-u Ing. Petrom Malecom, o zákonitostiach úspechu a ďalších plánoch na expanziu v segmente železničnej prepravy na Slovensku. 
610 2 0 |a rozhovor 
610 2 0 |a manažéri 
610 2 0 |a manažment 
610 2 0 |a riadenie 
610 2 0 |a vedenie 
610 2 0 |a spoločnosti akciové 
610 2 0 |a železnice 
100 1 |a Nagyová, Valéria 
700 1 |a Malec, Peter